[Event "SVG Plettenberg 1 - SG Bochum 1"]
[Site "Oberliga NRW 2019/2020"]
[Date "2020.02.16"]
[Round "6.5"]
[White "Tkachuk, Sergij"]
[Black "Litwak, Aleksej"]
[Result "1/2-1/2"]
[WhiteElo "2188"]
[BlackElo "2267"]
[Annotator "Daniel"]
[PlyCount "187"]
[EventDate "2020.??.??"]
[SourceVersionDate "2020.03.16"]
[WhiteTeam "SG Bochum 1"]
[BlackTeam "SVG Plettenberg 1"]

1. e4 c5 2. Nf3 e6 3. d4 cxd4 4. Nxd4 Nf6 5. Bd3 Nc6 6. Nxc6 bxc6 7. Qe2 d5 8.
e5 Nd7 9. O-O Nc5 10. f4 Nxd3 11. cxd3 Be7 12. Nd2 O-O 13. Nb3 c5 14. Be3 d4
15. Bc1 a5 16. Nd2 a4 17. Nc4 Bb7 18. Bd2 Bd5 19. h3 Qc7 20. Be1 Rfb8 21. Rd1
Rb5 22. Bg3 Qd7 23. Rd2 Ra7 24. Rf2 Rab7 25. Kh2 Rb4 26. Rc2 g6 27. h4 h5 28.
Kh3 Kg7 29. Bh2 Qd8 30. Bg3 $11 Qd7 31. Bh2 Qd8 32. Bg3 Rb8 33. Qd2 Qd7 34. Kh2
Qd8 35. Kh3 Qd7 36. Kh2 Qb7 37. Qe2 Qa6 38. Rf1 Rd8 39. Rd1 Qa8 40. Be1 Rb5 41.
Kh3 Rdb8 42. Rb1 Qc6 43. Kh2 Qd7 44. Rd1 Ba8 45. Bg3 Qd8 46. Kh3 Bd5 47. Rb1
Qc7 48. Kh2 Qd7 49. Rd1 Qb7 50. Rb1 Kg8 51. Kh3 Kh7 52. Kh2 Kg7 53. Kh3 Qc6 54.
Kh2 Rf8 55. Rf1 f5 56. Kh3 Rfb8 57. Rb1 Rb4 58. Be1 Bxc4 59. dxc4 R4b7 60. Kg3
Bd8 61. Qd3 Qe4 62. Qxe4 fxe4 63. Re2 d3 64. Rxe4 Rxb2 65. Rd1 Rxa2 66. Rxd3
Rb3 67. Ree3 Raa3 68. Rd7+ Kh6 69. Rxb3 axb3 70. Rb7 b2+ 71. Kh2 Ra1 72. Rxb2
Rxe1 73. g3 Kg7 74. Rb7+ Kf8 75. Ra7 Rc1 76. Ra4 Rb1 77. Ra8 Ke7 78. Ra7+ Ke8
79. Rg7 Rc1 80. Rxg6 Kf7 81. Rh6 Rxc4 82. Rxh5 Kg6 83. Rh8 Rd4 84. h5+ Kg7 85.
Re8 c4 86. Rxe6 c3 87. Rc6 Rd2+ 88. Kh3 c2 89. Kg4 Be7 90. Rc7 Kg8 91. Rc8+ Kg7
92. Rc7 Kh6 93. Rc6+ Kg7 94. Rc7 1/2-1/2

[Event "SVG Plettenberg 1 - SG Bochum 1"]
[Site "Oberliga NRW 2019/2020"]
[Date "2020.02.16"]
[Round "6.6"]
[White "Schulze, Marc"]
[Black "Werthebach, Felix"]
[Result "0-1"]
[WhiteElo "2232"]
[BlackElo "2166"]
[PlyCount "40"]
[EventDate "2020.??.??"]
[SourceVersionDate "2020.03.16"]
[WhiteTeam "SVG Plettenberg 1"]
[BlackTeam "SG Bochum 1"]

1. d4 f5 2. Nf3 Nf6 3. Bf4 d6 4. Nbd2 g6 5. e3 Bg7 6. c3 O-O 7. Qb3+ e6 8. Bc4
Qe7 9. h3 Kh8 10. g4 Nc6 11. Qa3 Rb8 12. gxf5 gxf5 13. Bd3 b5 14. Bg5 b4 15.
Qa4 bxc3 16. bxc3 Qe8 17. Qc2 Nh5 18. e4 h6 19. Bh4 Nf4 20. exf5 Rb2 0-1

[Event "SVG Plettenberg 1 - SG Bochum 1"]
[Site "Oberliga NRW 2019/2020"]
[Date "2020.02.16"]
[Round "6.7"]
[White "Biermann, Lenhard"]
[Black "Wedda, Dries"]
[Result "1-0"]
[WhiteElo "2047"]
[BlackElo "2152"]
[PlyCount "49"]
[EventDate "2020.??.??"]
[SourceVersionDate "2020.03.16"]
[WhiteTeam "SG Bochum 1"]
[BlackTeam "SVG Plettenberg 1"]

1. d4 Nf6 2. Nf3 d5 3. c4 e6 4. g3 dxc4 5. Bg2 c6 6. O-O b5 7. Ne5 Bb7 8. b3
cxb3 9. axb3 Be7 10. Bb2 Qb6 11. Qc2 O-O 12. Rc1 Nfd7 13. Nd3 Na6 14. Qc3 Bf6
15. b4 Rfe8 16. Nd2 e5 17. Ne4 exd4 18. Nxf6+ Nxf6 19. Qxd4 Rac8 20. Qh4 Re6
21. Nf4 Rce8 22. Nxe6 Rxe6 23. Bd4 Qd8 24. Bxf6 Rxf6 25. Bxc6 1-0

[Event "SVG Plettenberg 1 - SG Bochum 1"]
[Site "Oberliga NRW 2019/2020"]
[Date "2020.02.16"]
[Round "6.8"]
[White "Jansen, Dirk Norbert"]
[Black "Biermann, Florian"]
[Result "1-0"]
[WhiteElo "2120"]
[BlackElo "2088"]
[PlyCount "69"]
[EventDate "2020.??.??"]
[SourceVersionDate "2020.03.16"]
[WhiteTeam "SVG Plettenberg 1"]
[BlackTeam "SG Bochum 1"]

1. e4 c5 2. Nf3 e6 3. d4 cxd4 4. Nxd4 Nc6 5. Nc3 Qc7 6. g3 a6 7. Bg2 Nge7 8.
Nb3 Ne5 9. O-O N7c6 10. f4 Nc4 11. Qe2 b5 12. a4 Bb7 13. Kh1 Qb6 14. axb5 axb5
15. Rxa8+ Bxa8 16. e5 Be7 17. Rd1 O-O 18. Rxd7 Rd8 19. Rxd8+ Bxd8 20. Be4 f5
21. exf6 Bxf6 22. Bd5 Nd4 23. Nxd4 Bxd5+ 24. Nxd5 Qxd4 25. Qxe6+ Kf8 26. Qc8+
Kf7 27. Qd7+ Kf8 28. Nxf6 Qxf6 29. Qxb5 Qe6 30. Qc5+ Kf7 31. b3 Qe4+ 32. Kg1
Qe1+ 33. Kg2 Qe2+ 34. Kh3 Nd6 35. Qd5+ 1-0

[Event "SF Essen-Katernberg  1 - SVG Plettenber"]
[Site "Oberliga NRW 2019/2020"]
[Date "2020.03.08"]
[Round "7.1"]
[White "Haub, Thorsten Michael"]
[Black "Tomic, Bosko"]
[Result "1/2-1/2"]
[WhiteElo "2394"]
[BlackElo "2367"]
[PlyCount "49"]
[EventDate "2020.??.??"]
[SourceVersionDate "2020.03.16"]
[WhiteTeam "SVG Plettenberg 1"]
[BlackTeam "SF Essen-Katernberg  1"]

1. Nf3 Nf6 2. g3 g6 3. b4 c5 4. bxc5 Qa5 5. Bg2 Qxc5 6. O-O Bg7 7. d4 Qc7 8.
Na3 O-O 9. c4 Nc6 10. d5 Na5 11. Bb2 d6 12. Nd4 Bd7 13. Rc1 Qb6 14. Nb3 Ba4 15.
Bd4 Bxb3 16. Bxb6 Bxd1 17. Bxa5 Ba4 18. c5 b6 19. cxd6 exd6 20. Bb4 Rfd8 21.
Nc4 Ne8 22. Bh3 Nf6 23. Bg2 Ne8 24. Bh3 Nf6 25. Bg2 1/2-1/2

[Event "SF Essen-Katernberg  1 - SVG Plettenber"]
[Site "Oberliga NRW 2019/2020"]
[Date "2020.03.08"]
[Round "7.2"]
[White "Kueppers, Timo"]
[Black "Bosch, Jeroen"]
[Result "1/2-1/2"]
[WhiteElo "2281"]
[BlackElo "2420"]
[Annotator "Daniel"]
[PlyCount "112"]
[EventDate "2020.??.??"]
[SourceVersionDate "2020.03.16"]
[WhiteTeam "SF Essen-Katernberg  1"]
[BlackTeam "SVG Plettenberg 1"]

1. e4 e5 2. Nf3 Nc6 3. Bb5 a6 4. Ba4 Nf6 5. O-O Be7 6. Re1 b5 7. Bb3 d6 8. c3
O-O 9. h3 Nd7 10. d4 Bf6 11. a4 Bb7 12. d5 Ne7 13. axb5 axb5 14. Rxa8 Qxa8 15.
Na3 Ba6 16. Be3 Nc5 17. Bc2 c6 18. dxc6 Qxc6 19. Bb1 Nxe4 20. Qc2 d5 21. Nd2
Nf5 22. Nxe4 dxe4 23. Qxe4 Qxe4 24. Bxe4 Nxe3 $11 25. Rxe3 Bg5 26. Re1 Rb8 27.
Bd5 b4 28. cxb4 Kf8 29. b5 Bxb5 30. Bxf7 Kxf7 31. Rxe5 Bd3 32. Rxg5 Rxb2 33.
Ra5 Kf6 34. Rc5 Rb3 35. Nc4 Bxc4 36. Rxc4 h5 37. Rc5 g6 38. Ra5 Rb1+ 39. Kh2
Rb3 40. Ra8 Rc3 41. Rf8+ Kg7 42. Re8 Kf6 43. Re3 Rc4 44. g3 Ra4 45. Kg2 Rb4 46.
Kf3 Ra4 47. Rb3 Kf5 48. g4+ hxg4+ 49. hxg4+ Kf6 50. Kg3 g5 51. Rb6+ Kg7 52. Rb2
Kf6 53. f3 Ra3 54. Kf2 Rc3 55. Ke2 Ra3 56. Rd2 Ra6 1/2-1/2

[Event "SF Essen-Katernberg  1 - SVG Plettenber"]
[Site "Oberliga NRW 2019/2020"]
[Date "2020.03.08"]
[Round "7.3"]
[White "Browning, Alex"]
[Black "Rosen, Bernd"]
[Result "1-0"]
[WhiteElo "2284"]
[BlackElo "2293"]
[PlyCount "119"]
[EventDate "2020.??.??"]
[SourceVersionDate "2020.03.16"]
[WhiteTeam "SVG Plettenberg 1"]
[BlackTeam "SF Essen-Katernberg  1"]

1. Nf3 c5 2. e4 e6 3. c3 d5 4. exd5 exd5 5. d4 Nc6 6. Bb5 Bd6 7. O-O Nge7 8.
dxc5 Bxc5 9. Nbd2 O-O 10. Nb3 Bd6 11. h3 Bf5 12. Re1 Bc7 13. Be3 a6 14. Bf1 Re8
15. Qd2 Be4 16. Ng5 Qd6 17. g3 Qg6 18. Bf4 Ne5 19. Bxe5 Bxe5 20. Nxe4 dxe4 21.
Rad1 Nf5 22. Rxe4 Nxg3 23. Rg4 Nxf1 24. Kxf1 Qf6 25. Qe3 Qc6 26. Qe4 Qb5+ 27.
Qc4 h5 28. Re4 Qxc4+ 29. Rxc4 Rad8 30. Re1 Kf8 31. Nc5 f6 32. f4 b6 33. Nxa6
Bd6 34. Rxe8+ Kxe8 35. a3 Kf7 36. Rd4 Ke6 37. Nb4 f5 38. Nd3 Ra8 39. Ke2 Bc5
40. Nxc5+ bxc5 41. Rc4 Kd5 42. Kd3 g6 43. b4 cxb4 44. axb4 Ra1 45. Rd4+ Kc6 46.
Kc4 Rh1 47. b5+ Kc7 48. Kc5 Rxh3 49. b6+ Kc8 50. c4 Re3 51. Rd6 Re4 52. Rxg6
Rxf4 53. Rh6 Rg4 54. Kb5 f4 55. Rxh5 f3 56. Rf5 Kb7 57. Rxf3 Rg1 58. Rf7+ Kb8
59. c5 Rg5 60. Ka6 1-0

[Event "SF Essen-Katernberg  1 - SVG Plettenber"]
[Site "Oberliga NRW 2019/2020"]
[Date "2020.03.08"]
[Round "7.4"]
[White "Wessendorf, Thomas"]
[Black "Klip, Hans"]
[Result "1-0"]
[WhiteElo "2226"]
[BlackElo "2253"]
[PlyCount "69"]
[EventDate "2020.??.??"]
[SourceVersionDate "2020.03.16"]
[WhiteTeam "SF Essen-Katernberg  1"]
[BlackTeam "SVG Plettenberg 1"]

1. e4 e5 2. Nf3 Nc6 3. Bb5 Nf6 4. O-O Bc5 5. Nxe5 Nxe5 6. d4 a6 7. Be2 Nxe4 8.
dxc5 Nxc5 9. b4 Ne6 10. f4 Nc6 11. f5 Ned4 12. f6 g6 13. Bb2 Ne6 14. Nc3 d6 15.
Nd5 Bd7 16. Qd2 Qb8 17. a4 Qa7+ 18. Kh1 O-O-O 19. b5 Ne5 20. b6 cxb6 21. Qb4
Bc6 22. Nxb6+ Kc7 23. a5 Nd7 24. Nc4 Ndc5 25. Rad1 Bb5 26. Bf3 Bxc4 27. Qxc4
Kb8 28. Rxd6 Rxd6 29. Be5 Rhd8 30. Rd1 b5 31. Rxd6 Rxd6 32. Bxd6+ Kc8 33. Qd5
Nd7 34. Qc6+ Nc7 35. Bg4 1-0

[Event "SF Essen-Katernberg  1 - SVG Plettenber"]
[Site "Oberliga NRW 2019/2020"]
[Date "2020.03.08"]
[Round "7.5"]
[White "Litwak, Aleksej"]
[Black "Bee, Marcus"]
[Result "1-0"]
[WhiteElo "2267"]
[BlackElo "2169"]
[PlyCount "87"]
[EventDate "2020.??.??"]
[SourceVersionDate "2020.03.16"]
[WhiteTeam "SVG Plettenberg 1"]
[BlackTeam "SF Essen-Katernberg  1"]

1. e4 e6 2. d4 d5 3. Nd2 Be7 4. Bd3 c5 5. dxc5 Nf6 6. Qe2 O-O 7. Ngf3 a5 8. h4
dxe4 9. Nxe4 Nxe4 10. Qxe4 f5 11. Qc4 Qd5 12. Be3 Nd7 13. O-O Nxc5 14. Qxd5
exd5 15. Bb5 f4 16. Bd4 Bg4 17. Rfe1 Bd6 18. Rad1 Bxf3 19. gxf3 Rad8 20. Bc3
Bc7 21. Re7 Rf7 22. Rxc7 Rxc7 23. Bxa5 Ne6 24. Bxc7 Nxc7 25. Bd3 Rd6 26. Kg2
Rh6 27. Kh3 Kf7 28. Kg4 Rb6 29. b3 Ne6 30. a4 g6 31. h5 Kf6 32. Rh1 Kg7 33.
hxg6 hxg6 34. Ra1 Kf6 35. a5 Rd6 36. b4 Rd8 37. Rh1 Kg7 38. b5 Ra8 39. a6 bxa6
40. bxa6 Ra7 41. Rb1 Kf6 42. Rb6 Ra8 43. c4 d4 44. Be4 1-0

[Event "SF Essen-Katernberg  1 - SVG Plettenber"]
[Site "Oberliga NRW 2019/2020"]
[Date "2020.03.08"]
[Round "7.6"]
[White "Gruenter, Martin"]
[Black "Schulze, Marc"]
[Result "0-1"]
[WhiteElo "2162"]
[BlackElo "2232"]
[PlyCount "98"]
[EventDate "2020.??.??"]
[SourceVersionDate "2020.03.16"]
[WhiteTeam "SF Essen-Katernberg  1"]
[BlackTeam "SVG Plettenberg 1"]

1. e4 e6 2. d4 d5 3. Nc3 Nf6 4. Bg5 dxe4 5. Nxe4 Be7 6. Ng3 c5 7. dxc5 Qc7 8.
Qd2 Qxc5 9. Nf3 Nbd7 10. Bd3 Ne5 11. O-O-O Nxf3 12. gxf3 Bd7 13. Bxf6 gxf6 14.
Ne4 Qe5 15. f4 Qc7 16. f5 O-O-O 17. Qh6 exf5 18. Nc3 Be6 19. Qh4 Qa5 20. Bc4
Qb4 21. Bxe6+ fxe6 22. Rxd8+ Rxd8 23. Qxh7 Qf4+ 24. Kb1 Bb4 25. Qf7 Qe5 26. f4
Qe3 27. Qxf6 Rg8 28. Rd1 Rf8 29. Qd4 Qxd4 30. Rxd4 Rg8 31. a3 Rg1+ 32. Ka2 Bxc3
33. Rc4+ Kd7 34. Rxc3 Rg2 35. h3 Rf2 36. Rb3 b6 37. Rd3+ Ke7 38. Rd4 Rxc2 39.
Kb3 Rh2 40. Rd3 Rf2 41. h4 Rxf4 42. Rh3 Kf6 43. h5 Kg7 44. Kc3 Kh6 45. Kd3 e5
46. Ke3 Re4+ 47. Kf3 Rd4 48. Rh1 Rd3+ 49. Ke2 Rb3 0-1

[Event "SF Essen-Katernberg  1 - SVG Plettenber"]
[Site "Oberliga NRW 2019/2020"]
[Date "2020.03.08"]
[Round "7.7"]
[White "Pieper, Dawid"]
[Black "Schimnatkowski, Lukas"]
[Result "1/2-1/2"]
[WhiteElo "2159"]
[BlackElo "2160"]
[Annotator "Daniel"]
[PlyCount "71"]
[EventDate "2020.??.??"]
[SourceVersionDate "2020.03.16"]
[WhiteTeam "SVG Plettenberg 1"]
[BlackTeam "SF Essen-Katernberg  1"]

1. e4 c5 2. Nf3 d6 3. Bb5+ Nd7 4. d4 cxd4 5. Qxd4 a6 6. Bxd7+ Bxd7 7. Nc3 e5 8.
Qd3 h6 9. Nd2 Rc8 10. Nc4 Be6 11. Ne3 Nf6 12. a4 Be7 13. O-O O-O 14. Rd1 Qc7
15. Bd2 Rfd8 16. Be1 Bf8 17. Rac1 Qc5 18. b3 b5 19. axb5 $11 axb5 20. Ncd5 Nxd5
21. Nxd5 Bxd5 22. Qxd5 Ra8 23. b4 Qc4 24. Qxc4 bxc4 25. Bc3 Ra2 $11 26. Rd5 Ra3
27. Bxe5 Re8 28. Ra1 Rea8 29. Rxa3 Rxa3 30. Bd4 Ra2 31. b5 Rxc2 32. Kf1 c3 33.
b6 Rb2 34. Bxc3 Rxb6 35. Ke2 Be7 36. Kd3 1/2-1/2

[Event "SF Essen-Katernberg  1 - SVG Plettenber"]
[Site "Oberliga NRW 2019/2020"]
[Date "2020.03.08"]
[Round "7.8"]
[White "Gassmann, Volker"]
[Black "Bouaraba, Max"]
[Result "1/2-1/2"]
[WhiteElo "2229"]
[BlackElo "2118"]
[PlyCount "66"]
[EventDate "2020.??.??"]
[SourceVersionDate "2020.03.16"]
[WhiteTeam "SF Essen-Katernberg  1"]
[BlackTeam "SVG Plettenberg 1"]

1. d4 Nf6 2. c4 e6 3. Nc3 Bb4 4. Qc2 O-O 5. Nf3 c5 6. dxc5 Na6 7. Bd2 Bxc5 8.
e3 b6 9. Be2 Bb7 10. Rd1 Qe7 11. O-O d5 12. cxd5 Nb4 13. Qa4 Nbxd5 14. Nxd5
Bxd5 15. Bc3 Ne4 16. Bd4 Rfc8 17. Ba6 Rd8 18. Qc2 Bxd4 19. Rxd4 Nc5 20. Bc4
Bxf3 21. Rxd8+ Rxd8 22. gxf3 Qd7 23. b4 Na4 24. Bb3 b5 25. Kg2 Rc8 26. Rd1 Qe8
27. Qd2 Nb6 28. Qd4 g6 29. Qe5 Nc4 30. Qd4 Qe7 31. Qd7 Qxd7 32. Rxd7 a5 33.
bxa5 Nxa5 1/2-1/2

[Event "SV Wattenscheid 1 - SK Münster 1"]
[Site "Oberliga NRW 2019/2020"]
[Date "2020.03.08"]
[Round "7.1"]
[White "Webb, Laurence"]
[Black "Koscielski, Janusz"]
[Result "1-0"]
[WhiteElo "2282"]
[BlackElo "2215"]
[PlyCount "109"]
[EventDate "2020.??.??"]
[SourceVersionDate "2020.03.16"]
[WhiteTeam "SK Münster 1"]
[BlackTeam "SV Wattenscheid 1"]

1. d4 Nf6 2. c4 g6 3. Nc3 Bg7 4. e4 d6 5. Nf3 O-O 6. Be2 e5 7. dxe5 dxe5 8.
Qxd8 Rxd8 9. Bg5 Re8 10. Nd5 Nxd5 11. cxd5 c6 12. Bc4 b5 13. Bb3 Bb7 14. Rc1
Rc8 15. Be3 h6 16. Ke2 Nd7 17. dxc6 Bxc6 18. Rhd1 Nf8 19. Bd5 Bxd5 20. Rxd5
Rxc1 21. Bxc1 a6 22. Be3 Ne6 23. Rd6 Rc8 24. b3 Rc2+ 25. Rd2 Rxd2+ 26. Kxd2 Nd8
27. Ne1 Nc6 28. Nd3 Bf8 29. Kc3 f6 30. Bc5 Kf7 31. Bxf8 Kxf8 32. Nb4 Nb8 33.
Nd5 f5 34. exf5 gxf5 35. Ne3 f4 36. Ng4 Nc6 37. Nxh6 Ke7 38. f3 Ke6 39. Ng4 a5
40. h4 Nb4 41. a3 Nd5+ 42. Kd3 Kf5 43. h5 Ne7 44. Nf2 Nc6 45. h6 Kg6 46. Ng4
Kh7 47. a4 bxa4 48. bxa4 Ne7 49. Kc4 Nf5 50. Nxe5 Kxh6 51. Kb5 Ne3 52. Kxa5 Kg5
53. Kb5 Kh4 54. a5 Nd5 55. a6 1-0

[Event "SV Wattenscheid 1 - SK Münster 1"]
[Site "Oberliga NRW 2019/2020"]
[Date "2020.03.08"]
[Round "7.2"]
[White "Schiffer, Kai-Uwe"]
[Black "Holtel, Jasper"]
[Result "1/2-1/2"]
[WhiteElo "2259"]
[BlackElo "2292"]
[PlyCount "84"]
[EventDate "2020.??.??"]
[SourceVersionDate "2020.03.16"]
[WhiteTeam "SV Wattenscheid 1"]
[BlackTeam "SK Münster 1"]

1. e4 c5 2. Nf3 d6 3. d4 cxd4 4. Nxd4 Nf6 5. Nc3 a6 6. Be3 e5 7. Nb3 Be6 8. f3
h5 9. Nd5 Bxd5 10. exd5 Nbd7 11. Qd2 g6 12. Be2 Bg7 13. O-O b6 14. Rad1 a5 15.
Bb5 O-O 16. c3 Kh7 17. Bg5 Qc7 18. Bc6 Rab8 19. a4 Ng8 20. Kh1 f6 21. Be3 Ne7
22. Na1 Nf5 23. Nc2 Nxe3 24. Nxe3 f5 25. Qe2 e4 26. fxe4 fxe4 27. Bxd7 Qxd7 28.
Nc4 Rxf1+ 29. Rxf1 Qxa4 30. Nxd6 Rd8 31. Qxe4 Qxe4 32. Nxe4 Rxd5 33. Kg1 Rb5
34. Rf2 Bh6 35. Rc2 Be3+ 36. Kf1 Re5 37. Nf2 Rf5 38. Re2 Bc5 39. Ke1 Kh6 40.
Ne4 Bg1 41. h3 g5 42. c4 Rf4 1/2-1/2

[Event "SV Wattenscheid 1 - SK Münster 1"]
[Site "Oberliga NRW 2019/2020"]
[Date "2020.03.08"]
[Round "7.3"]
[White "Wolter, Kai"]
[Black "Franke, Johannes"]
[Result "0-1"]
[WhiteElo "2288"]
[BlackElo "2244"]
[PlyCount "68"]
[EventDate "2020.??.??"]
[SourceVersionDate "2020.03.16"]
[WhiteTeam "SK Münster 1"]
[BlackTeam "SV Wattenscheid 1"]

1. e4 c6 2. d4 g6 3. Nc3 d6 4. Be3 Bg7 5. Qd2 Nd7 6. f4 Ngf6 7. Nf3 O-O 8. h3
b5 9. e5 b4 10. exf6 bxc3 11. Qxc3 Nxf6 12. Qxc6 Bf5 13. Qa4 Rb8 14. O-O-O Nd5
15. Bd2 Qb6 16. b3 Rfc8 17. c4 Be4 18. Ba5 Qb7 19. Ng5 Nxf4 20. Nxe4 Qxe4 21.
Bc3 Ne6 22. Bd3 Qxg2 23. Qxa7 Ra8 24. Qxe7 Bh6+ 25. Bd2 Rxa2 26. Rhg1 Bxd2+ 27.
Kb1 Qa8 28. Bxg6 Ra1+ 29. Kc2 Ra2+ 30. Kb1 Ra1+ 31. Kc2 Qa2+ 32. Kd3 Qxb3+ 33.
Ke4 Qe3+ 34. Kf5 Qf4# 0-1

[Event "SV Wattenscheid 1 - SK Münster 1"]
[Site "Oberliga NRW 2019/2020"]
[Date "2020.03.08"]
[Round "7.4"]
[White "Straeter, Timo"]
[Black "Muschik, Benedikt"]
[Result "0-1"]
[WhiteElo "2316"]
[BlackElo "2265"]
[PlyCount "164"]
[EventDate "2020.??.??"]
[SourceVersionDate "2020.03.16"]
[WhiteTeam "SV Wattenscheid 1"]
[BlackTeam "SK Münster 1"]

1. d4 g6 2. Nf3 Bg7 3. e4 d6 4. Nc3 a6 5. a4 b6 6. Bc4 e6 7. Bg5 Ne7 8. Qe2 Nd7
9. Rd1 h6 10. Bh4 Bb7 11. O-O g5 12. Bg3 Ng6 13. h3 O-O 14. Rfe1 Qe7 15. Qe3
Rad8 16. Rd2 Kh7 17. Qe2 Ra8 18. e5 Bxf3 19. Qxf3 dxe5 20. dxe5 Ndxe5 21. Bxe5
Bxe5 22. Red1 Qf6 23. Qxf6 Bxf6 24. Rd7 Bxc3 25. bxc3 Ne5 26. Rxc7 Nxc4 27.
Rxc4 Rfc8 28. Rxc8 Rxc8 29. Rd6 Rc4 30. Rxb6 Rxa4 31. g4 Ra2 32. Kg2 Kg6 33. c4
Rxc2 34. Rxa6 Rxc4 35. Ra8 Kg7 36. Ra5 Rc8 37. Kg3 Kg6 38. Ra6 h5 39. gxh5+
Kxh5 40. Ra7 Kg6 41. Ra6 Rc1 42. Ra4 f5 43. Ra8 Kf6 44. Rf8+ Ke5 45. Rg8 Rc3+
46. f3 Kf6 47. Rf8+ Ke7 48. Ra8 Rc2 49. h4 f4+ 50. Kh3 gxh4 51. Kxh4 Rg2 52.
Ra4 e5 53. Ra6 Kf7 54. Rb6 Rg3 55. Rb3 Ke6 56. Ra3 Kd5 57. Ra5+ Kd4 58. Ra3 Kd5
59. Ra5+ Ke6 60. Ra3 Kf5 61. Rb3 Rg2 62. Kh3 Re2 63. Rb8 Rf2 64. Rb3 Ke6 65.
Rb6+ Kd5 66. Kg4 Rg2+ 67. Kf5 Re2 68. Re6 Kd4 69. Re8 Rh2 70. Ra8 Re2 71. Re8
Re1 72. Re7 Rh1 73. Ra7 Ke3 74. Ra3+ Kf2 75. Kxe5 Kg3 76. Ra4 Rh5+ 77. Ke4 Rh8
78. Ra3 Re8+ 79. Kd4 Kf2 80. Ra1 Kxf3 81. Rf1+ Kg3 82. Rg1+ Kf2 0-1

[Event "SV Wattenscheid 1 - SK Münster 1"]
[Site "Oberliga NRW 2019/2020"]
[Date "2020.03.08"]
[Round "7.5"]
[White "Schmitzer, Klaus"]
[Black "Wengenroth, Walter"]
[Result "1/2-1/2"]
[WhiteElo "2251"]
[BlackElo "2229"]
[Annotator "Daniel"]
[PlyCount "171"]
[EventDate "2020.??.??"]
[SourceVersionDate "2020.03.16"]
[WhiteTeam "SK Münster 1"]
[BlackTeam "SV Wattenscheid 1"]

1. e4 c5 2. Nf3 e6 3. d4 cxd4 4. Nxd4 Nf6 5. Nc3 d6 6. f3 Be7 7. Be3 O-O 8. Qd2
Nc6 9. g4 a6 10. O-O-O Nxd4 11. Bxd4 b5 12. Kb1 Nd7 13. h4 Qc7 14. g5 b4 15.
Ne2 Ne5 16. f4 Nc4 17. Qd3 Bd7 18. Nc1 Rfc8 19. Rh2 e5 20. Qxc4 Qxc4 21. Bxc4
Rxc4 22. fxe5 dxe5 23. Bxe5 Bc6 24. Bd6 Rxe4 $11 25. Bxe7 Rxe7 26. Rd6 Bb5 27.
Rd4 g6 28. Rxb4 Rd8 29. a4 Bf1 30. b3 Re3 31. Rf2 Bh3 32. Kb2 Bf5 33. Na2 Kg7
34. Rb6 Rh3 35. Rxa6 Rxh4 36. Rg2 Be4 37. Re2 Bf5 38. Rg2 Be4 39. Re2 Bf5 40.
Ra7 Rg4 41. b4 Rxg5 42. b5 h5 43. Ree7 Rg2 44. Rxf7+ Kh6 45. Rfc7 h4 46. b6 h3
47. Rh7+ Kg5 48. Rac7 h2 49. Nb4 Rd4 50. Kc3 Rgg4 51. Rxh2 Rxb4 52. b7 Rb1 53.
a5 Ra4 54. Rh8 Ra2 55. Kd4 Rxa5 56. b8=Q Rxb8 57. Rxb8 Kf4 58. Rb1 Ra4+ 59. Kc3
Ke3 60. Re1+ Kf2 61. Re5 Kf3 62. Kb3 Ra1 63. Kb2 Rh1 64. Rcc5 Kf4 65. Red5 Rh2
66. Rd6 Rh5 67. Rf6 Rh2 68. Rf8 Rf2 69. Kb3 Ke4 70. Re8+ Kd4 71. Rc4+ Kd5 72.
Rc7 Kd6 73. Rc3 g5 74. Kb2 g4 75. Rg8 Ke5 76. Rc5+ Kd4 77. Rc7 Ke3 78. Re8+ Be4
79. Rc4 Rf4 80. Rc3+ Kf2 81. Rc4 Kf3 82. Rg8 Kf2 83. Re8 Kf3 84. Kc1 g3 85. Kd2
g2 86. Rg8 1/2-1/2

[Event "SV Wattenscheid 1 - SK Münster 1"]
[Site "Oberliga NRW 2019/2020"]
[Date "2020.03.08"]
[Round "7.6"]
[White "Sandkamp, Ralph"]
[Black "Kamp, Christoph"]
[Result "1-0"]
[WhiteElo "2192"]
[BlackElo "2231"]
[PlyCount "127"]
[EventDate "2020.??.??"]
[SourceVersionDate "2020.03.16"]
[WhiteTeam "SV Wattenscheid 1"]
[BlackTeam "SK Münster 1"]

1. Nf3 d5 2. g3 e6 3. Bg2 Nf6 4. O-O Be7 5. c4 dxc4 6. Qa4+ Nbd7 7. Qxc4 a6 8.
b3 b5 9. Qc2 Bb7 10. Bb2 c5 11. d3 O-O 12. Nbd2 Qb6 13. Rac1 Rac8 14. Qb1 Rfd8
15. Qa1 Ne8 16. Rc2 Bf6 17. Rfc1 Bxb2 18. Qxb2 Nef6 19. Ne5 Bxg2 20. Kxg2 h6
21. Ndf3 Nd5 22. d4 Nxe5 23. dxc5 Qb8 24. Qxe5 Qxe5 25. Nxe5 Nb4 26. Rb2 Rd5
27. a3 Rdxc5 28. Rxc5 Rxc5 29. Nxf7 Kxf7 30. axb4 Rc3 31. h4 Kf6 32. e3 Kf5 33.
Kf3 h5 34. Ke2 e5 35. Kf3 g6 36. Ke2 Ke4 37. f3+ Kf5 38. Kd2 Rc6 39. e4+ Ke6
40. Rc2 Rd6+ 41. Ke3 Kf7 42. Rd2 Rc6 43. f4 Ke6 44. fxe5 Kxe5 45. Rd5+ Ke6 46.
Rc5 Rd6 47. Rg5 Kf7 48. Rd5 Rc6 49. Kd4 Rc1 50. Rd7+ Ke6 51. Ra7 Rd1+ 52. Ke3
Rb1 53. Rxa6+ Ke5 54. Rxg6 Rxb3+ 55. Kd2 Kxe4 56. Rg5 Kf3 57. Rxb5 Kxg3 58. Kc2
Rf3 59. Rxh5 Kg4 60. Rh8 Re3 61. b5 Re5 62. Rb8 Kxh4 63. Kc3 Kg5 64. b6 1-0

[Event "SV Wattenscheid 1 - SK Münster 1"]
[Site "Oberliga NRW 2019/2020"]
[Date "2020.03.08"]
[Round "7.7"]
[White "Chilla, Jan Eric"]
[Black "Kaehmann, Joerg"]
[Result "1/2-1/2"]
[WhiteElo "2221"]
[BlackElo "2123"]
[PlyCount "115"]
[EventDate "2020.??.??"]
[SourceVersionDate "2020.03.16"]
[WhiteTeam "SK Münster 1"]
[BlackTeam "SV Wattenscheid 1"]

1. Nf3 d5 2. g3 Nf6 3. Bg2 e6 4. O-O Be7 5. b3 O-O 6. Bb2 c5 7. e3 b6 8. c4 Bb7
9. Nc3 Nc6 10. cxd5 Nxd5 11. Nxd5 Qxd5 12. d4 Rfd8 13. Ne5 Qd6 14. Qf3 Nxe5 15.
Qxb7 Nd3 16. Ba3 Rac8 17. Rfd1 Rc7 18. Qf3 Nb4 19. dxc5 Qxc5 20. Rxd8+ Bxd8 21.
Rc1 Qf8 22. Rxc7 Bxc7 23. Bxb4 Qxb4 24. Qa8+ Qf8 25. Qxa7 Qd8 26. Bf3 g6 27.
Kg2 Kg7 28. Qb7 h5 29. h4 Qd6 30. Qc6 Kf6 31. a4 Qxc6 32. Bxc6 Bd6 33. Kf3 Bb4
34. Ke2 Ke7 35. Bb5 Kf6 36. Bc4 Ke5 37. Ba6 Kf6 38. Bb7 Ke5 39. Ba8 Ba5 40. Bc6
Bb4 41. Bb5 Kf6 42. Bc4 Ke5 43. f4+ Kd6 44. e4 Ba5 45. e5+ Ke7 46. Bd3 Bb4 47.
Be4 Bc3 48. Bf3 f6 49. exf6+ Kxf6 50. Be4 e5 51. fxe5+ Bxe5 52. Kf3 Bc3 53. Bc6
Be1 54. Be8 Kf5 55. Bb5 Ke5 56. Bd3 Kf6 57. Be4 Kf7 58. Bd5+ 1/2-1/2

[Event "SV Wattenscheid 1 - SK Münster 1"]
[Site "Oberliga NRW 2019/2020"]
[Date "2020.03.08"]
[Round "7.8"]
[White "Koerber, Matthias"]
[Black "Rott, Georg"]
[Result "1/2-1/2"]
[WhiteElo "2180"]
[BlackElo "2075"]
[PlyCount "61"]
[EventDate "2020.??.??"]
[SourceVersionDate "2020.03.16"]
[WhiteTeam "SV Wattenscheid 1"]
[BlackTeam "SK Münster 1"]

1. d4 d5 2. c4 c6 3. Nc3 Nf6 4. Nf3 a6 5. a4 Bf5 6. Qb3 Ra7 7. Bg5 e6 8. e3 Be7
9. Nh4 Bg4 10. h3 Bh5 11. g4 h6 12. Bf4 Nfd7 13. Nf3 Bg6 14. c5 a5 15. Rd1 O-O
16. Bd3 Bxd3 17. Rxd3 Na6 18. Ke2 Ndxc5 19. dxc5 Nxc5 20. Qc2 Nxd3 21. Qxd3 Ra6
22. Rg1 Rb6 23. Nd1 f6 24. Bxh6 Qe8 25. g5 Qh5 26. Bxg7 Kxg7 27. gxf6+ Kxf6 28.
Rg5 Qxf3+ 29. Kxf3 Kxg5+ 30. Kg3 Kh6 31. e4 1/2-1/2

[Event "SV Mülheim-Nord 2 - SV Dinslaken 1"]
[Site "Oberliga NRW 2019/2020"]
[Date "2020.03.08"]
[Round "7.1"]
[White "Sielecki, Christof"]
[Black "Baltic, Fatih"]
[Result "1/2-1/2"]
[WhiteElo "2376"]
[BlackElo "2233"]
[Annotator "Daniel"]
[PlyCount "81"]
[EventDate "2020.??.??"]
[SourceVersionDate "2020.03.16"]
[WhiteTeam "SV Dinslaken 1"]
[BlackTeam "SV Mülheim-Nord 2"]

1. d4 Nf6 2. Nf3 d5 3. g3 c5 4. Bg2 cxd4 5. O-O g6 6. Nxd4 Bg7 7. Nc3 e5 8. Nb3
d4 9. Na4 O-O 10. c3 dxc3 11. Nxc3 Nc6 12. Be3 Bf5 13. Nb5 Be4 $11 14. Bxe4
Nxe4 15. Qc2 Nf6 16. Bc5 Re8 17. Nd6 Re6 18. Rfd1 Qb8 19. Rac1 Bf8 20. Ne4 Nxe4
21. Qxe4 Bh6 22. Be3 Bxe3 23. Qxe3 b6 24. Qh6 Qe8 25. Rc4 f6 26. Qc1 Rd8 27.
Rxd8 Nxd8 28. Qd1 Nf7 29. Qc2 Nd8 30. Rc8 Rd6 31. Nd2 Qe7 32. Ne4 Rd7 33. Nc3
Kg7 34. Qb3 Qf7 35. Qb5 Ne6 36. e3 Rc7 37. Rxc7 Nxc7 38. Qc6 Kf8 39. Ne4 Ne8
40. g4 Qe7 41. h4 1/2-1/2